000 00730nam a2200229Ii 4500
003 JO-AjNU
008 230605s9999||||xx |||||||||||||| ||und||
017 _a2006/11/2993
020 _a9957-11-675-4
040 _aJO-AjNU
_bara
_erda
_cJO-AjNU
041 _aara
050 1 4 _aHD37.2008
100 3 _aالعامري،صالح مهدي محسن/طاهر محسن منصور الغالبي,
_eauthor
_929278
245 0 0 _aالادارة والاعمال
250 _aط2
264 3 1 _aعمان:دار وائل للنشر والتوزيع،2008
300 _a723ص
336 _atext
_btxt
_2rdacontent
337 _aunmediated
_bn
_2rdamedia
338 _avolume
_bnc
_2rdacarrier
650 4 _aادارة اعمال
_929279
999 _aA11461
_c15029
_d15029